| 000 | 00844cam a2200253 a 4500 | ||
|---|---|---|---|
| 001 | 000017362 | ||
| 005 | 20200929165106.0 | ||
| 008 | 720410s1966 sp 000 pbspa d | ||
| 035 | _a(DLC) 68052773 | ||
| 035 | _a(OCoLC)279773 | ||
| 040 |
_aDO-SdBNP _bspa _cOAU _dOCoLC _dDLC _dBNPHU |
||
| 082 |
_a861.6 _bO87A |
||
| 100 | 1 |
_aAlarcos Llorach, Emilio, _b1922-1998. _938018 |
|
| 245 | 1 | 3 |
_aLa poesía de Blas de Otero / _cE. Alarcos Llorach. |
| 260 |
_aSalamanca : _bAnaya, _c1966. |
||
| 300 |
_a154 p. ; _c19 cm. |
||
| 490 | 1 | _aTemas y estudios | |
| 600 | 1 | 0 |
_aOTERO, BLAS DE, _d1916-1979 _xCRÍTICA E INTERPRETACIÓN _938019 |
| 650 | 4 |
_aPoesía españolas _xHistoria y crítica _938020 |
|
| 650 | 4 |
_aLiteratura española _xHistoria y crítica _93904 |
|
| 830 | 0 |
_aTemas y estudios. _925273 |
|
| 910 | _aCatalogación derivada | ||
| 049 | _aBNGR | ||
| 999 |
_c16887 _d16887 |
||